Pour qui sonne le glas (Record no. 79074)

MARC details
000 -LEADER
campo de control de longitud fija 00589nam a2200181 i 4500
001 - NÚMERO DE CONTROL
campo de control 79074
003 - IDENTIFICADOR DE NÚMERO DE CONTROL
campo de control ES-MaACL
005 - FECHA Y HORA DE LA ÚLTIMA TRANSACCIÓN
campo de control 20251019063048.0
007 - CAMPO FIJO DE DESCRIPCIÓN FÍSICA--INFORMACIÓN GENERAL
campo de control de longitud fija t|
008 - DATOS DE LONGITUD FIJA--INFORMACIÓN GENERAL
campo de control de longitud fija 041019s1949 fr ||||1| fre d
100 1# - ENTRADA PRINCIPAL--NOMBRE DE PERSONA
Nombre de persona Hemingway, Ernest,
Fechas asociadas al nombre 1899-1961
9 (RLIN) 242377
245 10 - MENCIÓN DEL TÍTULO
Título Pour qui sonne le glas
Resto del título : roman /
Mención de responsabilidad, etc. Ernest Hemingway ; traduit par denise van Moppés.
260 ## - PUBLICACIÓN, DISTRIBUCIÓN, ETC.
Lugar de publicación, distribución, etc. Paris :
Nombre del editor, distribuidor, etc. Heinemann et Zsolnay,
Fecha de publicación, distribución, etc. [1949] (
Fabricante Brodard et Taupin)
300 ## - DESCRIPCIÓN FÍSICA
Extensión 423 p. ;
Dimensiones 23 cm.
700 1# - ENTRADA AGREGADA--NOMBRE PERSONAL
Nombre de persona Moppes, Denise Van.
9 (RLIN) 208836
852 ## - LOCALIZACIÓN
Ubicación ES-MaACL
Número de control de estantería D-7392
Sublocalización o colección R.30967
Holdings
Estatus retirado Estado de pérdida Estado de daño No para préstamo Biblioteca de origen Biblioteca actual Ubicación en estantería Fecha de adquisición Fuente de adquisición Total de préstamos Signatura topográfica completa Código de barras Visto por última vez Precio de reemplazo Tipo de ítem Koha
        Biblioteca del Ateneo de Madrid Biblioteca del Ateneo de Madrid Sala Valle Inclán 17/01/2008     D-7392 901082696 23/02/2023 23/02/2023 Libro impreso